000
00337 a2200157 4500
001
164583
020
_a
040
_c
Magnum
100
_a
Araujo, Elza Beatriz Von Dollinger de
240
1
0
_a
A menina dos olhos
_l
por
245
1
0
_a
A menina dos olhos
362
0
_a
1899
440
1
_a
Miguilim
697
_a
IJ/POESIA
942
_c
BK
999
_c
164583
_d
164583